مكتبة جامعة عجلون الوطنية

فهرس بحث المكتبة

Normal view MARC view
  • المهارات التسويقية

Entry Topical Term

Number of records used in: 1

001 - CONTROL NUMBER

  • control field: 32339

003 - CONTROL NUMBER IDENTIFIER

  • control field: JO-AjAnu

005 - DATE AND TIME OF LATEST TRANSACTION

  • control field: 20230606075433.0

008 - FIXED-LENGTH DATA ELEMENTS

  • fixed length control field: 230606|| aca||aabn | a|a d

040 ## - CATALOGING SOURCE

  • Original cataloging agency: JO-AjAnu
  • Transcribing agency: JO-AjAnu

150 ## - HEADING--TOPICAL TERM

  • Topical term or geographic name entry element: المهارات التسويقية

670 ## - SOURCE DATA FOUND

  • Source citation: Work cat.: (JO-AjAnu)16611: ليدستون ، جون/ م مشارك : قسم الترجمة بدار الفاروق, author 32338, المهارات التسويقية والاعلامية للشركات الدوائية=presentation planning and media relation for the pharmaceutical